000 01165cab a22002055a 4500
001 L159106
008 160129e20160123xxk 000 0 eng d
035 _a(Sirsi) u159106
041 0 _aeng
100 1 _aHighmore, Sue
245 0 0 _aAfter the storms
260 _c2016
490 _aEstates Gazette
_v(1603) 23 January 2016, 70-72(3)
520 _aHighlights the changing landscape of flood insurance with the appearance of Flood Re which will launch in April 2016. Flood Re's purpose is to promote the availability and affordability of flood insurance and is funded by a levy on insurance companies. Points out the limitations of this joint industry/government sponsored scheme and the fact that it offers a valuable safety net of accessible and affordable insurance to only a restricted basket of residential properties. Further mentions the fact that each insurer will decide will decide whether a property is at unacceptable risk for normal cover and rates with some having more sophisticated information than others to do this.
590 _aKA
651 4 _aUnited Kingdom
690 _aInsurance
_96249
690 _aHydrography
_96245
942 _n0
999 _c84802
_d84802